Statistiques concernant Les talents des Pokémons de la 3ème génération

Cliquez ici pour prendre le quiz!

Statistiques générales

  • Ce quiz a été pris 35 fois
  • Le résultat moyen est 270 sur 405

Statistiques - réponses

TalentPKMNRéponse% Correct
Talent 1GalifeuBrasier
100%
Talent 1PoussifeuBrasier
100%
Talent 1BraségaliBrasier
100%
Talent 1ArckoEngrais
100%
Talent 1MasskoEngrais
100%
Talent 1JungkoEngrais
100%
Talent cachéRegirockFermeté
100%
Talent 1GalekingFermeté
100%
Talent 1GalegonFermeté
100%
Talent cachéRelicanthFermeté
100%
Talent 1TarinorFermeté
100%
Talent 1GalekidFermeté
100%
Talent 2MysdibuleIntimidation
100%
Talent 1GrahyènaIntimidation
100%
Talent 1DrattakIntimidation
100%
Talent 1MaskadraIntimidation
100%
Talent 1GobouTorrent
100%
Talent 1FlobioTorrent
100%
Talent 1LaggronTorrent
100%
Talent cachéGalifeuTurbo
100%
Talent cachéPoussifeuTurbo
100%
Talent cachéBraségaliTurbo
100%
Talent 1NinjaskTurbo
100%
Talent cachéCarvanhaTurbo
100%
Talent cachéSharpedoTurbo
100%
Talent 1ParecoolAbsentéisme
91%
Talent 1MonaflèmitAbsentéisme
91%
Talent 2BekipanCrachin
91%
Talent 1KyogreCrachin
91%
Talent 1MunjaGarde Mystik
91%
Talent cachéAnorithGlissade
91%
Talent 1LombreGlissade
91%
Talent 1LudicoloGlissade
91%
Talent 1SerpangGlissade
91%
Talent 1LovdiscGlissade
91%
Talent 1ArakdoGlissade
91%
Talent 1BarpauGlissade
91%
Talent cachéArmaldoGlissade
91%
Talent 1NénupiotGlissade
91%
Talent 1RelicanthGlissade
91%
Talent 1RosabyssGlissade
91%
Talent 1LatiasLévitation
91%
Talent 1BalbutoLévitation
91%
Talent 1VibraninfLévitation
91%
Talent 1ÉokoLévitation
91%
Talent 1LibégonLévitation
91%
Talent 1SolarocLévitation
91%
Talent 1SkelénoxLévitation
91%
Talent 1KaorineLévitation
91%
Talent 1SélérocLévitation
91%
Talent 1LatiosLévitation
91%
Talent 1MorphéoMétéo
91%
Talent 1ChapignonPose Spore
91%
Talent 1BalignonPose Spore
91%
Talent 1AbsolPression
91%
Talent cachéWailmerPression
91%
Talent 1DeoxysPression
91%
Talent cachéWailordPression
91%
Talent 1TéraclopePression
91%
Talent 2ChartorSécheresse
91%
Talent 1GroudonSécheresse
91%
Talent cachéChapignonTechnicien
91%
Talent cachéÉcrapinceAdaptabilité
82%
Talent cachéColhomardAdaptabilité
82%
Talent cachéBarpauAdaptabilité
82%
Talent 1RayquazaAir Lock
82%
Talent 1BrouhabamAnti-Bruit
82%
Talent 1RamboumAnti-Bruit
82%
Talent 1ChuchmurAnti-Bruit
82%
Talent 1StalgaminAttention
82%
Talent 1OniglaliAttention
82%
Talent 2AzurillColoforce
82%
Talent 1RegiceCorps Sain
82%
Talent 1MétalosseCorps Sain
82%
Talent 1TerhalCorps Sain
82%
Talent 1RegisteelCorps Sain
82%
Talent 1MétangCorps Sain
82%
Talent 1RegirockCorps Sain
82%
Talent cachéArckoDélestage
82%
Talent cachéJungkoDélestage
82%
Talent cachéMasskoDélestage
82%
Talent 1PhogleurIsograisse
82%
Talent 1ObalieIsograisse
82%
Talent 1GroretIsograisse
82%
Talent 1SpoinkIsograisse
82%
Talent 1MakuhitaIsograisse
82%
Talent 1HariyamaIsograisse
82%
Talent 1AzurillIsograisse
82%
Talent 1KaimorseIsograisse
82%
Talent 1OkéokéMarque Ombre
82%
Talent 1PosipiPlus
82%
Talent 2RoséliaPoint Poison
82%
Talent cachéKecleonProtéen
82%
Talent 1ZigzatonRamassage
82%
Talent 1LinéonRamassage
82%
Talent 1JirachiSérénité
82%
Talent 2BalignonSoin Poison
82%
Talent 2ChapignonSoin Poison
82%
Talent 1ÉlecsprintStatik
82%
Talent 2DynavoltStatik
82%
Talent 1TarsalSynchro
82%
Talent 1GardevoirSynchro
82%
Talent 1KirliaSynchro
82%
Talent 2RelicanthTête de Roc
82%
Talent 1DrabyTête de Roc
82%
Talent 2GalekingTête de Roc
82%
Talent 1DrackhausTête de Roc
82%
Talent 2GalegonTête de Roc
82%
Talent 2GalekidTête de Roc
82%
Talent 1MangriffVaccin
82%
Talent 1LumivoleBenêt
73%
Talent 2WailmerBenêt
73%
Talent 1BarbichaBenêt
73%
Talent cachéKaimorseBenêt
73%
Talent 1ChamallotBenêt
73%
Talent 1BarlocheBenêt
73%
Talent 2BarpauBenêt
73%
Talent cachéPhogleurBenêt
73%
Talent 2WailordBenêt
73%
Talent cachéObalieBenêt
73%
Talent 1TengaliceChlorophylle
73%
Talent 1PifeuilChlorophylle
73%
Talent 1TropiusChlorophylle
73%
Talent 1GrainipiotChlorophylle
73%
Talent cachéAltariaCiel Gris
73%
Talent cachéTyltonCiel Gris
73%
Talent 2HariyamaCran
73%
Talent 1HélédelleCran
73%
Talent 1NirondelleCran
73%
Talent 2MakuhitaCran
73%
Talent cachéArakdoCuvette
73%
Talent 2NénupiotCuvette
73%
Talent cachéBekipanCuvette
73%
Talent 2LombreCuvette
73%
Talent 2LudicoloCuvette
73%
Talent cachéGoéliseCuvette
73%
Talent cachéLumivoleFarceur
73%
Talent cachéTénéfixFarceur
73%
Talent cachéMucioleFarceur
73%
Talent 1MéditikkaForce Pure
73%
Talent 1CharminaForce Pure
73%
Talent 1MedhyènaFuite
73%
Talent cachéChenipotteFuite
73%
Talent cachéNingaleFuite
73%
Talent 1ColhomardHyper Cutter
73%
Talent 1KraknoixHyper Cutter
73%
Talent 1MysdibuleHyper Cutter
73%
Talent 1ÉcrapinceHyper Cutter
73%
Talent cachéGrahyènaImpudence
73%
Talent cachéDrattakImpudence
73%
Talent cachéLiliaLavabo
73%
Talent cachéVacilysLavabo
73%
Talent cachéÉlecsprintMoins
73%
Talent 1NégapiMoins
73%
Talent cachéDynavoltMoins
73%
Talent 1SharpedoPeau Dure
73%
Talent 1CarvanhaPeau Dure
73%
Talent 1BekipanRegard Vif
73%
Talent 1GoéliseRegard Vif
73%
Talent 1TénéfixRegard Vif
73%
Talent 1SpindaTempo Perso
73%
Talent cachéNénupiotTempo Perso
73%
Talent 2SpoinkTempo Perso
73%
Talent cachéChamallotTempo Perso
73%
Talent 2GroretTempo Perso
73%
Talent cachéLudicoloTempo Perso
73%
Talent cachéLombreTempo Perso
73%
Talent 1CacneaVoile Sable
73%
Talent 1CacturneVoile Sable
73%
Talent cachéCacturneAbsorbe-Eau
64%
Talent cachéCacneaAbsorbe-Eau
64%
Talent 2GardevoirCalque
64%
Talent 2KirliaCalque
64%
Talent 2TarsalCalque
64%
Talent 1CoquiperlCoque Armure
64%
Talent cachéChartorCoque Armure
64%
Talent 2ColhomardCoque Armure
64%
Talent 2ÉcrapinceCoque Armure
64%
Talent 2KaimorseCorps Gel
64%
Talent 2PhogleurCorps Gel
64%
Talent 2OniglaliCorps Gel
64%
Talent 2StalgaminCorps Gel
64%
Talent cachéRegiceCorps Gel
64%
Talent 2ObalieCorps Gel
64%
Talent 1MilobellusEcaille Spéciale
64%
Talent 1VigorothEsprit Vital
64%
Talent 1CharmillonEssaim
64%
Talent 2MucioleEssaim
64%
Talent 1SkittyJoli Sourire
64%
Talent cachéMilobellusJoli Sourire
64%
Talent 1DelcattyJoli Sourire
64%
Talent cachéOniglaliLunatique
64%
Talent cachéStalgaminLunatique
64%
Talent 2DelcattyNormalise
64%
Talent 2SkittyNormalise
64%
Talent cachéRamboumQuerelleur
64%
Talent cachéHélédelleQuerelleur
64%
Talent cachéNirondelleQuerelleur
64%
Talent cachéBrouhabamQuerelleur
64%
Talent 2ChamallotSimple
64%
Talent cachéSélérocX
64%
Talent cachéJirachiX
64%
Talent cachéKyogreX
64%
Talent 2MangriffX
64%
Talent 2JirachiX
64%
Talent 2DeoxysX
64%
Talent 2GroudonX
64%
Talent cachéSolarocX
64%
Talent cachéGroudonX
64%
Talent cachéRayquazaX
64%
Talent 2SolarocX
64%
Talent 2SélérocX
64%
Talent 2RayquazaX
64%
Talent 2SéviperX
64%
Talent 2CoquiperlX
64%
Talent 2KyogreX
64%
Talent cachéMorphéoX
64%
Talent 2SerpangX
64%
Talent 2RosabyssX
64%
Talent 2LovdiscX
64%
Talent 2DrabyX
64%
Talent 2OkéokéX
64%
Talent 2DrackhausX
64%
Talent cachéÉokoX
64%
Talent 2DrattakX
64%
Talent 2ÉokoX
64%
Talent 2TerhalX
64%
Talent 2TéraclopeX
64%
Talent 2SkelénoxX
64%
Talent 2KecleonX
64%
Talent 2MétangX
64%
Talent 2MétalosseX
64%
Talent 2BalbutoX
64%
Talent 2MorphéoX
64%
Talent 2RegiceX
64%
Talent 2RegisteelX
64%
Talent 2ArmaldoX
64%
Talent 2AnorithX
64%
Talent 2VacilysX
64%
Talent 2LiliaX
64%
Talent 2LatiasX
64%
Talent cachéKaorineX
64%
Talent cachéLatiasX
64%
Talent 2KaorineX
64%
Talent 2LatiosX
64%
Talent cachéLatiosX
64%
Talent cachéBalbutoX
64%
Talent 2RegirockX
64%
Talent 2SharpedoX
64%
Talent 2AltariaX
64%
Talent 2NingaleX
64%
Talent 2ParecoolX
64%
Talent cachéParecoolX
64%
Talent 2VigorothX
64%
Talent cachéVigorothX
64%
Talent 2MonaflèmitX
64%
Talent cachéMonaflèmitX
64%
Talent 2NinjaskX
64%
Talent 2ArakdoX
64%
Talent 2MunjaX
64%
Talent cachéMunjaX
64%
Talent 2ChuchmurX
64%
Talent 2RamboumX
64%
Talent 2BrouhabamX
64%
Talent 2MéditikkaX
64%
Talent 2CharminaX
64%
Talent 2MaskadraX
64%
Talent 2HélédelleX
64%
Talent 2NégapiX
64%
Talent 2FlobioX
64%
Talent 2MasskoX
64%
Talent 2JungkoX
64%
Talent 2PoussifeuX
64%
Talent 2GalifeuX
64%
Talent 2BraségaliX
64%
Talent 2GobouX
64%
Talent 2LaggronX
64%
Talent 2NirondelleX
64%
Talent 2ChenipotteX
64%
Talent 2ArmulysX
64%
Talent cachéArmulysX
64%
Talent 2CharmillonX
64%
Talent 2BlindalysX
64%
Talent cachéBlindalysX
64%
Talent 2PapinoxX
64%
Talent 2PosipiX
64%
Talent cachéDeoxysX
64%
Talent 2LibégonX
64%
Talent 2CarvanhaX
64%
Talent 2TyltonX
64%
Talent 2ArckoX
64%
Talent 2CacturneX
64%
Talent 2CacneaX
64%
Talent cachéLibégonX
64%
Talent 2VibraninfX
64%
Talent cachéVibraninfX
64%
Talent 2BarlocheAnticipation
55%
Talent 2BarbichaAnticipation
55%
Talent 2MilobellusBattant
55%
Talent 2AbsolChanceux
55%
Talent cachéPolichombrCorps Maudit
55%
Talent cachéBranetteCorps Maudit
55%
Talent 1ChenipotteEcran Poudre
55%
Talent 1PapinoxEcran Poudre
55%
Talent cachéRoséliaFeuille Garde
55%
Talent 2TénéfixFrein
55%
Talent 2GlouptiGlu
55%
Talent 2AvaltoutGlu
55%
Talent cachéGalekingHeavy Metal
55%
Talent cachéGalegonHeavy Metal
55%
Talent cachéGalekidHeavy Metal
55%
Talent cachéAzurillHerbivore
55%
Talent cachéBarbichaHydratation
55%
Talent 2GoéliseHydratation
55%
Talent cachéLovdiscHydratation
55%
Talent cachéRosabyssHydratation
55%
Talent cachéBarlocheHydratation
55%
Talent cachéMétangLight Metal
55%
Talent cachéTerhalLight Metal
55%
Talent cachéMétalosseLight Metal
55%
Talent cachéRegisteelLight Metal
55%
Talent 2TarinorMagnépiège
55%
Talent 1RoséliaMédic Nature
55%
Talent 1AltariaMédic Nature
55%
Talent 1TyltonMédic Nature
55%
Talent cachéLaggronMoiteur
55%
Talent cachéFlobioMoiteur
55%
Talent cachéGobouMoiteur
55%
Talent 1SéviperMue
55%
Talent 1BlindalysMue
55%
Talent 1ArmulysMue
55%
Talent 1NingaleŒil Composé
55%
Talent cachéPapinoxŒil composé
55%
Talent cachéPosipiParatonnerre
55%
Talent 2ÉlecsprintParatonnerre
55%
Talent 1DynavoltParatonnerre
55%
Talent cachéMangriffRage Poison
55%
Talent cachéKirliaTélépathe
55%
Talent cachéTarsalTélépathe
55%
Talent cachéMéditikkaTélépathe
55%
Talent cachéCharminaTélépathe
55%
Talent cachéOkéokéTélépathe
55%
Talent cachéGardevoirTélépathe
55%
Talent cachéMaskadraTension
55%
Talent cachéNégapiAbsorbe-Volt
45%
Talent 1AnorithArmurbaston
45%
Talent 1ArmaldoArmurbaston
45%
Talent cachéAbsolCœur Noble
45%
Talent cachéTarinorForce Sable
45%
Talent 2BranetteFouille
45%
Talent 2PolichombrFouille
45%
Talent cachéSkelénoxFouille
45%
Talent cachéTéraclopeFouille
45%
Talent cachéSpoinkGloutonnerie
45%
Talent cachéGroretGloutonnerie
45%
Talent 2ZigzatonGloutonnerie
45%
Talent 2LinéonGloutonnerie
45%
Talent cachéGlouptiGloutonnerie
45%
Talent cachéAvaltoutGloutonnerie
45%
Talent 1WailordIgnifu-Voile
45%
Talent cachéSerpangIgnifu-Voile
45%
Talent 1WailmerIgnifu-Voile
45%
Talent 1PolichombrInsomnia
45%
Talent 1BranetteInsomnia
45%
Talent 2KraknoixPiège Sable
45%
Talent cachéTropiusRécolte
45%
Talent cachéMysdibuleSans Limite
45%
Talent cachéHariyamaSans Limite
45%
Talent cachéDrabySans Limite
45%
Talent cachéMakuhitaSans Limite
45%
Talent cachéKraknoixSans Limite
45%
Talent 1CaméruptArmumagma
36%
Talent cachéSpindaContestation
36%
Talent 1ChartorEcran Fumée
36%
Talent cachéDrackhausEnvelocape
36%
Talent 2TropiusForce Soleil
36%
Talent cachéSéviperInfiltration
36%
Talent cachéNinjaskInfiltration
36%
Talent 2LumivoleLentiteintée
36%
Talent 1MucioleLumiattirance
36%
Talent 2GrainipiotMatinal
36%
Talent 2PifeuilMatinal
36%
Talent cachéChuchmurPhobique
36%
Talent cachéCoquiperlPhobique
36%
Talent cachéMedhyènaPhobique
36%
Talent 2CaméruptSolide Roc
36%
Talent 1LiliaVentouse
36%
Talent 1VacilysVentouse
36%
Talent 2TengaliceAéroporté
27%
Talent cachéCaméruptColérique
27%
Talent 1KecleonHomochromie
27%
Talent cachéDelcattyPeau Miracle
27%
Talent cachéSkittyPeau Miracle
27%
Talent 2MedhyènaPied Véloce
27%
Talent 2GrahyènaPied Véloce
27%
Talent cachéZigzatonPied Véloce
27%
Talent cachéLinéonPied Véloce
27%
Talent cachéBalignonPied Véloce
27%
Talent 1AvaltoutSuintement
27%
Talent 1GlouptiSuintement
27%
Talent cachéGrainipiotPickpocket
18%
Talent cachéPifeuilPickpocket
18%
Talent cachéTengalicePickpocket
18%
Talent 2SpindaPieds Confus
18%
Talent cachéCharmillonRivalité
9%

Distribution des résultats

Percentile par nombre de réponses

% des personnes avec chaque résultat

Votre développement - résultats

Vous n’avez pas pris ce quiz